000
00314nam a22001457a 4500
003
SGT
020
_a
9788186514429
082
_a
001.4
_b
JIN
100
_a
JINDAL,SURESH KUMAR
245
_a
SAMKALEEN VIGYAN
260
_a
NEW DELHI
_b
DRDO
_c
2013
300
_a
284
650
_a
RESEARCH METHODOLOGY
942
_2
ddc
_c
BK
999
_c
8204
_d
8204